Narrative of the expedition of an american squadron to the China Seas and Japan (Record no. 155157)

MARC details
000 -LEADER
campo de control de longitud fija 01130nam a2200217 i 4500
001 - NÚMERO DE CONTROL
campo de control 155157
003 - IDENTIFICADOR DE NÚMERO DE CONTROL
campo de control ES-MaACL
005 - FECHA Y HORA DE LA ÚLTIMA TRANSACCIÓN
campo de control 20230906205958.0
008 - DATOS DE LONGITUD FIJA--INFORMACIÓN GENERAL
campo de control de longitud fija 040726s1857 xxuabf |||| | eng d
040 ## - FUENTE DE CATALOGACIÓN
Centro catalogador/agencia de origen CAM
Lengua de catalogación spa
Centro/agencia transcriptor CAM
100 1# - ENTRADA PRINCIPAL--NOMBRE DE PERSONA
Nombre de persona Perry, Matthew Calbraith.
9 (RLIN) 151225
245 10 - MENCIÓN DEL TÍTULO
Título Narrative of the expedition of an american squadron to the China Seas and Japan
Resto del título : performerd in the years 1852, 1853 and 1854 under the command of Commodore M.C. Perry ... /
Mención de responsabilidad, etc. compiled from the original notes and journals of commodore Perry and his officers, et his request und under his supervision by Francis L. Hawks; with numerous illustrations.
260 ## - PUBLICACIÓN, DISTRIBUCIÓN, ETC.
Lugar de publicación, distribución, etc. New York :
Nombre del editor, distribuidor, etc. D. Appleton and Company,
Fecha de publicación, distribución, etc. 1857.
300 ## - DESCRIPCIÓN FÍSICA
Extensión VII, 624 p. :
Otras características físicas il., maps. pleg. y h. de lám. ;
Dimensiones 27 cm.
530 ## - NOTA DISPONIBLE DE FORMULARIO FÍSICO ADICIONAL
Nota de formato físico adicional disponible Disponible tambien en sitio web.
611 24 - PUNTO DE ACCESO ADICIONAL DE MATERIA--NOMBRE DE REUNIÓN/CONGRESO
Nombre de congreso/reunión o jurisdicción como elemento de entrada United States Naval Expedition to Japan.
Fecha del congreso o de la firma del tratado 1852-1854)
9 (RLIN) 151226
651 04 - PUNTO DE ACCESO ADICIONAL DE MATERIA--NOMBRE GEOGRÁFICO
Nombre geográfico Japón-
Subdivisión general Descripción.
9 (RLIN) 8884
700 1# - ENTRADA AGREGADA--NOMBRE PERSONAL
Nombre de persona Hawks, Francis L. (
Fechas asociadas al nombre 1798-1866)
9 (RLIN) 151227
852 ## - LOCALIZACIÓN
Ubicación ES-MaACL
Número de control de estantería G-7105
Nota libre -- Enc. tela grabada
856 ## - LOCALIZACIÓN Y ACCESO ELECTRÓNICOS
Identificador Uniforme de Recursos <a href="http://hdl.loc.gov/loc.gdc/scd0001.00034270193 ">http://hdl.loc.gov/loc.gdc/scd0001.00034270193 </a>
Nota pública Ir a la página
Holdings
Estatus retirado Estado de pérdida Estado de daño No para préstamo Colección Biblioteca de origen Biblioteca actual Ubicación en estantería Fecha de adquisición Fuente de adquisición Total de préstamos Signatura topográfica completa Código de barras Visto por última vez Precio de reemplazo Tipo de ítem Koha
        Colección digital Biblioteca del Ateneo de Madrid Biblioteca del Ateneo de Madrid Depósito 2 17/01/2008     G-7105 1162303 23/02/2023 23/02/2023 Libro impreso antiguo